Property shares rising (Record no. 62780)

MARC details
000 -LEADER
fixed length control field 00638cam a2200205 4500
001 - CONTROL NUMBER
control field WB3610-32
008 - FIXED-LENGTH DATA ELEMENTS--GENERAL INFORMATION
fixed length control field 000000n2000 000 0 eng u
035 ## - SYSTEM CONTROL NUMBER
System control number (Sirsi) u104638
245 ## - TITLE STATEMENT
Title Property shares rising
260 ## - PUBLICATION, DISTRIBUTION, ETC.
Date of publication, distribution, etc. 2000
490 ## - SERIES STATEMENT
Series statement Times
Volume/sequential designation 6 March 2000, 24
490 ## - SERIES STATEMENT
Series statement Property Week
Volume/sequential designation 65 (9) 3 March 2000 18 (2)
520 ## - SUMMARY, ETC.
Summary, etc. Property Shares are rising again after 6 months of falls. Also discusses the possibility of takeover bids for some property companies.
590 ## - LOCAL NOTE (RLIN)
Local note WB
650 ## - SUBJECT ADDED ENTRY--TOPICAL TERM
Topical term or geographic name entry element PROPERTY SHARES
650 ## - SUBJECT ADDED ENTRY--TOPICAL TERM
Topical term or geographic name entry element REAL ESTATE INDEX MARKET
650 ## - SUBJECT ADDED ENTRY--TOPICAL TERM
Topical term or geographic name entry element TAKEOVERS
690 ## - LOCAL SUBJECT ADDED ENTRY--TOPICAL TERM (OCLC, RLIN)
Topical term or geographic name as entry element INVESTMENT
942 ## - ADDED ENTRY ELEMENTS (KOHA)
Suppress in OPAC 0
Holdings
Withdrawn status Lost status Source of classification or shelving scheme Damaged status Not for loan Home library Current library Shelving location Date acquired Total Checkouts Full call number Barcode Date last seen Copy number Price effective from Koha item type
    Dewey Decimal Classification     London London News article 07/03/2000   WB3610-32 104638-1001 06/08/2019 1 06/08/2019 News article